Ekonomické rozhľady vedecký časopis Ekonomickej univerzity v Bratislave

Na minha lista:
Detalhes bibliográficos
Formato: Periódico
Idioma:eslovaco
Publicado em: Bratislava Ekonomická univerzita v Bratislave 2004
Assuntos:
Tags: Adicionar Tag
Sem tags, seja o primeiro a adicionar uma tag!

MARC

LEADER 00000nas2a22000001 4500
001 0069525
005 20160808090731.2
022 |a 0323-262X 
041 0 |a slo 
044 |a SK 
245 1 0 |a Ekonomické rozhľady  |b vedecký časopis Ekonomickej univerzity v Bratislave 
264 1 |a Bratislava  |b Ekonomická univerzita v Bratislave  |c 2004 
773 0 |w eu_un_cat*s120044 
610 2 0 |a veda ekonomická 
610 2 0 |a teórie ekonomické 
610 2 0 |a Ekonomická univerzita v Bratislave